Comentario sobre el espíritu de las leyes de Monstesquieu, Por el Conde Destut de Tracy, para de Francia, miembro del Instituto de Francia, y de la Sociedad Filosófica de Filadelfia; con las observaciones inéditas de Condorcet sobre el Libro XXIX de esta obra.

Tallennettuna:
Bibliografiset tiedot
Päätekijä: Tracy, Destut de (autor)
Muut tekijät: Salas, Ramón (traducción del francés al español)
Aineistotyyppi: Kirja
Kieli:espanja
Julkaistu: Madrid, España: Imprenta de D. Fermín Villalpando, 1822.
Aiheet:
Tagit: Lisää tagi
Ei tageja, Lisää ensimmäinen tagi!

MARC

LEADER 00000nam a2200000 a 4500
001 UCH2946
003 CL-VaPUC
005 20220822114359.0
008 090709e18220000SP |||||||||||||||||spa|d
999 |c 334605  |d 334603 
040 |c Pontificia Universidad Católica de Valparaíso 
082 0 4 |a 340.1 TRA 1822   |2 21 
100 0 |a Tracy, Destut de  |e autor  |9 538027 
245 1 0 |a Comentario sobre el espíritu de las leyes de Monstesquieu,  |b Por el Conde Destut de Tracy, para de Francia, miembro del Instituto de Francia, y de la Sociedad Filosófica de Filadelfia; con las observaciones inéditas de Condorcet sobre el Libro XXIX de esta obra.  
260 |a Madrid, España:  |b Imprenta de D. Fermín Villalpando,  |c 1822. 
300 |a 346 páginas.  
500 |a c.2 Donación Familia Prof. Alejandro Guzmán Brito. 
583 |a last modification  |c 20090709 00:00:00  |k Rodrigo Vera 
600 |a Montesquieu, Charles Louis de Secondat, Barón de,  |d 1689-1755  |9 867047 
650 0 |a Filosofía del derecho   |9 255050 
700 |a Salas, Ramón   |e traducción del francés al español  |9 865630 
942 |c BK  |2 ddc  |n 0 
945 |d 20090709 00:00:00  |a rbrito 
952 |0 0  |1 0  |4 0  |6 340_100000000000000_TRA_1822  |7 0  |8 X  |9 423716  |a FDOBUD  |b FDOBUD  |d 2019-11-22  |i 4567900  |o 340.1 TRA 1822  |p 4567900  |r 2019-11-22  |w 2019-11-22  |y BK_X  |k BUD